ბათუმის შოთა რუსთაველის სახელმწიფო უნივერსიტეტის ბიბლიოთეკა

ლიტერატურის სამყაროში : (ბიბ.ჩანაწერი № 54744)

000 -ლიდერი
ფიქსირებული სიგრძის საკონტროლო ველი 01702nam a2200325Ia 4500
001 - საკონტროლო ნომერი
საკონტროლო ველი 21811
003 - საკონტროლო ნომრის იდენტიფიკატორი
საკონტროლო ველი GE_BSU
005 - ბოლო ოპერაციის თარიღი და დრო
საკონტროლო ველი 20220519173416.0
008 - ფიქსირებული სიგრძის მონაცემთა ელემენტები - ზოგადი ინფორმაცია
ფიქსირებული სიგრძის საკონტროლო ველი 181216s ||||ge |||||||||||||| ||geo||
020 ## - წიგნის საერთაშორისო სტანდარტული ნომერი
International Standard Book Number 99940-39-68-7
040 ## - კატალოგიზაციის წყარო
Transcribing agency GE_BSU
041 ## - ენის კოდი
Language code of text/sound track or separate title geo
080 ## - უნივერსალური ათობითი კლასიფიკაციის ინდექსი
Universal Decimal Classification number 821.353.1(075.3) ლ-68
245 ## - ცნობა სათაურის შესახებ
Title ლიტერატურის სამყაროში :
Remainder of title მე-6 კლასი /
Statement of responsibility, etc ეთერი გულდამაშვილი, ნონა ლეიაშვილი, დალი ლორია, მიმოზა სოსელია ; მხატვ. ჯემალ ხუციშვილი.
260 ## - გამოქვეყნების, გავრცელების, და სხვა. ცნობები
Place of publication, distribution, etc თბილისი
260 ## - გამოქვეყნების, გავრცელების, და სხვა. ცნობები
Name of publisher, distributor, etc ინტელექტი
260 ## - გამოქვეყნების, გავრცელების, და სხვა. ცნობები
Date of publication, distribution, etc 2005
300 ## - ფიზიკური აღწერა
Extent 183 გვ. :
Other physical details ილ. ;
Dimensions 29 მ.
653 ## - INDEX TERM--UNCONTROLLED
Uncontrolled term ლიტერატურის სამყაროში
653 ## - INDEX TERM--UNCONTROLLED
Uncontrolled term მე-6 კლასი
653 ## - INDEX TERM--UNCONTROLLED
Uncontrolled term ქართული ლიტერატურის სახელმძღვანელოები საშუალო სკოლებისათვის
653 ## - INDEX TERM--UNCONTROLLED
Uncontrolled term სახელმძღვანელოები საშუალო სკოლებისათვის
700 ## - ADDED ENTRY--PERSONAL NAME
Personal name გულდამაშვილი, ეთერი
Relator term ავტორი
9 (RLIN) 13788
700 ## - ADDED ENTRY--PERSONAL NAME
Personal name ლეიაშვილი, ნონა
Relator term ავტორი
9 (RLIN) 13789
700 ## - ADDED ENTRY--PERSONAL NAME
Personal name ლორია, დალი
Relator term ავტორი
9 (RLIN) 13791
700 ## - ADDED ENTRY--PERSONAL NAME
Personal name სოსელია, მიმოზა
Relator term ავტორი
9 (RLIN) 13790
700 ## - ADDED ENTRY--PERSONAL NAME
Personal name ხუციშვილი, ჯემალ
Relator term მხატვარი
9 (RLIN) 13792
942 ## - ADDED ENTRY ELEMENTS (KOHA)
Koha item type წიგნი
Source of classification or shelving scheme
ეგზემპლარები
ჩამოწერის სტატუსი დაკარგული ეგზემპლარის სტატუსი კლასიფიკაციის წყარო ან თაროზე გაწყობის სქემა დაზიანების სტატუსი არ გაიცემა მუდმივი მდებარეობა (დაცვის ადგილი) ამჟამინდელი ადგილსამყოფელი თაროზე განთავსების ადგილი შეძენის თარიღი ღირებულება, შესყიდვის ნორმალური ფასი სრული შენახვის შიფრი შტრიხკოდი ბოლო ოპერაციის თარიღი ეგზემპლარის მიმდევრობითი ნომერი (კეტერი?) ფასის ძალაში შესვლის თარიღი ეგზემპლარის სახეობა საჯარო შენიშვნა
          ბათუმის შოთა რუსთაველის სახელმწიფო უნივერსიტეტის მთავარი ბიბლიოთეკა ბათუმის შოთა რუსთაველის სახელმწიფო უნივერსიტეტის მთავარი ბიბლიოთეკა წიგნსაცავი 2018-12-17 15.00 821.353.1(075.3) ლ-68 56251 2018-12-17 56251 2018-12-17 წიგნი 15.00₾.
          ბათუმის შოთა რუსთაველის სახელმწიფო უნივერსიტეტის მთავარი ბიბლიოთეკა ბათუმის შოთა რუსთაველის სახელმწიფო უნივერსიტეტის მთავარი ბიბლიოთეკა წიგნსაცავი 2018-12-17 15.00 821.353.1(075.3) ლ-68 56252 2018-12-17 56252 2018-12-17 წიგნი 15.00₾.
          ბათუმის შოთა რუსთაველის სახელმწიფო უნივერსიტეტის მთავარი ბიბლიოთეკა ბათუმის შოთა რუსთაველის სახელმწიფო უნივერსიტეტის მთავარი ბიბლიოთეკა წიგნსაცავი 2018-12-17 15.00 821.353.1(075.3) ლ-68 56253 2018-12-17 56253 2018-12-17 წიგნი 15.00₾.
          ბათუმის შოთა რუსთაველის სახელმწიფო უნივერსიტეტის მთავარი ბიბლიოთეკა ბათუმის შოთა რუსთაველის სახელმწიფო უნივერსიტეტის მთავარი ბიბლიოთეკა წიგნსაცავი 2018-12-17 15.00 821.353.1(075.3) ლ-68 56254 2018-12-17 56254 2018-12-17 წიგნი 15.00₾.
          ბათუმის შოთა რუსთაველის სახელმწიფო უნივერსიტეტის მთავარი ბიბლიოთეკა ბათუმის შოთა რუსთაველის სახელმწიფო უნივერსიტეტის მთავარი ბიბლიოთეკა წიგნსაცავი 2018-12-17 15.00 821.353.1(075.3) ლ-68 56255 2018-12-17 56255 2018-12-17 წიგნი 15.00₾.
          ბათუმის შოთა რუსთაველის სახელმწიფო უნივერსიტეტის მთავარი ბიბლიოთეკა ბათუმის შოთა რუსთაველის სახელმწიფო უნივერსიტეტის მთავარი ბიბლიოთეკა წიგნსაცავი 2018-12-17 15.00 821.353.1(075.3) ლ-68 56256 2018-12-17 56256 2018-12-17 წიგნი 15.00₾.
          ბათუმის შოთა რუსთაველის სახელმწიფო უნივერსიტეტის მთავარი ბიბლიოთეკა ბათუმის შოთა რუსთაველის სახელმწიფო უნივერსიტეტის მთავარი ბიბლიოთეკა წიგნსაცავი 2018-12-17 15.00 821.353.1(075.3) ლ-68 56257 2018-12-17 56257 2018-12-17 წიგნი 15.00₾.
          ბათუმის შოთა რუსთაველის სახელმწიფო უნივერსიტეტის მთავარი ბიბლიოთეკა ბათუმის შოთა რუსთაველის სახელმწიფო უნივერსიტეტის მთავარი ბიბლიოთეკა წიგნსაცავი 2018-12-17 15.00 821.353.1(075.3) ლ-68 56258 2018-12-17 56258 2018-12-17 წიგნი 15.00₾.
          ბათუმის შოთა რუსთაველის სახელმწიფო უნივერსიტეტის მთავარი ბიბლიოთეკა ბათუმის შოთა რუსთაველის სახელმწიფო უნივერსიტეტის მთავარი ბიბლიოთეკა წიგნსაცავი 2018-12-17 15.00 821.353.1(075.3) ლ-68 56259 2018-12-17 56259 2018-12-17 წიგნი 15.00₾.
          ბათუმის შოთა რუსთაველის სახელმწიფო უნივერსიტეტის მთავარი ბიბლიოთეკა ბათუმის შოთა რუსთაველის სახელმწიფო უნივერსიტეტის მთავარი ბიბლიოთეკა წიგნსაცავი 2018-12-17 15.00 821.353.1(075.3) ლ-68 56269 2018-12-17 56269 2018-12-17 წიგნი 15.00₾.